000 01845nam0a2200349 4500
001 RU\NLR\bibl\1293767
005 20250615144943.0
010 _a978-5-9669-0469-2
_9200
021 _aRU
_b2008-75475
_94351
035 _a(NLR Aleph) 001279417
090 _a489448
_c489448
100 _a20081112d2008 |||y0rusy50 ca
101 0 _arus
102 _aRU
105 _aa |||||||||
200 1 _aЗакономерности формирования и распространения минеральных вод в гидрогеологических структурах Волгоградской области
_eмонография
_fН.Г. Мязина
_gМ-во образования и науки Рос. Федерации, Гос. образоват. учреждение высш. проф. образования "Вогогр. гос. ун-т"
210 _aВолгоград
_cИзд-во Волгоградского государственного университета
_d2008
215 _a210 с., [1] л. ил.
_cил., карт.
_d21
320 _aБиблиогр.: с. 194-210 (217 назв.)
606 1 _aМинеральные воды
_xФормирование
_yВолгоградская область
_92533043
_3RU\NLR\auth\661500266
606 1 _aМинеральные воды
_xЗалегание
_yВолгоградская область
_92533047
_3RU\NLR\auth\661500268
686 _aД463.5-0(2Р354-4Во)
686 _aД463.5-23(2Р354-4Во)
700 1 _4070
_aМязина
_bН. Г.
_cканд. геол.-минер. наук
_gНаталья Григорьевна
_9175432
_3RU\NLR\AUTH\770175483
801 0 _aRU
_bNLR
_c20081112
_gRCR
801 1 _aRU
_bNLR
_c20081112
830 _aавт. по кн.
942 _cBOOK
980 _aNB
980 _aNBR